000 01489nam0a22003251 4500
001 rc\2357480
005 20260406120255.0
035 _a(NLR Aleph) 006593894
090 _a7175569
_c7175569
100 _a20110829d1977 |||y0rusy50 ca
101 0 _arus
102 _aRU
105 _aa z |||a|
200 1 _aПовести покойного Ивана Петровича Белкина
_e[Для сред. и ст. школьного возраста]
_fА.С. Пушкин
_g[Худож. А.С. Смирнов]
210 _aГорький
_cВолго-Вят. кн. изд-во
_d1977
215 _a111 с.
_cил.
_d17
300 _aЗагл. пер.: Повести Белкина
327 1 _aСодерж.: Выстрел; Метель; Гробовщик; Станционный смотритель; Барышня-крестьянка
464 0 _12001#$aВыстрел$aМетель$aГробовщик$aСтанционный смотритель$aБарышня-крестьянка
_tБарышня-крестьянка
517 1 _aПовести Белкина
700 1 _8rus
_7ca
_aПушкин
_bА. С.
_cпоэт
_f1799-1837
_gАлександр Сергеевич
_3RU\NLR\AUTH\77386
_9110441
702 1 _aСмирнов
_bА.С.
_4440
801 0 _aRU
_bNLR
_gpsbo
801 1 _aRU
_bELAR
_2rusmarc
852 _aNLR
_jПушкин/2-П42-77
899 _aRuMoRGB
_jБ 77-43/70
899 _aRuMoRGB
_jБ 77-43/71
942 _cBOOK
980 _aNB